Camins i fonts del parc natural de Sant Llorenç del Munt i l'Obac / text: Edmond Grau Edmond Grau
ISBN:
84-7794-194-7
Descripción Física:
165 p. : il. col., amb map. ; 22 cm
MARC
| LEADER | 00000nam a2200000Ia 4500 | ||
|---|---|---|---|
| 001 | 12132 | ||
| 008 | 160829s1998 xx 000 0 cat d | ||
| 020 | |a 84-7794-194-7 | ||
| 080 | |a C-1-338 | ||
| 100 | |a Grau, Edmond |9 37147 | ||
| 245 | |a Camins i fonts del parc natural de Sant Llorenç del Munt i l'Obac / text: |b Edmond Grau | ||
| 250 | |a 2a ed. | ||
| 260 | |a Barcelona : |b Diputació de Barcelona, Servei de Parcs Naturals, |c 1998 | ||
| 300 | |a 165 p. : |b il. col., amb map. ; |c 22 cm | ||
| 610 | 1 | 0 | |a Parc Natural de Sant Llorenç del Munt i l'Obac (Catalunya) |v Guies |9 52718 |
| 710 | |a Barcelona (Catalunya : Província). |b Servei de Parcs Naturals |9 53492 | ||
| 901 | |a Arxiu | ||
| 942 | |n 1 | ||
| 952 | |0 0 |1 0 |4 0 |6 C1338 |7 1 |9 47713 |a Arxiu |b Arxiu |d 2016-12-01 |l 0 |o C-1-338 |p 12132 |r 2016-12-01 00:00:00 |w 2016-12-01 |y ARXIU | ||
| 999 | |c 51512 |d 51512 | ||